Statistiques concernant Les 20 jeux vidéos les plus vendus

Cliquez ici pour prendre le quiz!

Statistiques générales

  • Ce quiz a été pris 310 fois
  • Le résultat moyen est 4 sur 20

Statistiques - réponses

RéponseNombre d'exemplaires vendus% Correct
Minecraft300 millions
81%
Grand Theft Auto V195 millions
77%
The Legend of Zelda : Breath of the Wild33,31 millions
41%
Tetris DX32,14 millions
38%
Tetris (EA)100 millions
38%
Mario Kart 8 Deluxe69,04 millions
27%
Pokémon Rouge / Bleu / Vert / Jaune47,19 millions
27%
Super Mario Bros43,17 millions
20%
Red Dead Redemption 261 millions
18%
Animal Crossing : New Horizons44,79 millions
14%
Wii Sports82,90 millions
11%
Super Smash Bros. Ultimate33,67 millions
10%
Mario Kart Wii37,38 millions
9%
PUBG : Battlegrounds75 millions
9%
New Super Mario Bros30,80 millions
5%
The Witcher 3 : Wild Hunt50 millions
3%
Wii Fit43,80 millions
2%
Wii Sport Resort33,14 millions
2%
Terraria44,50 millions
1%
Human : Fall Flat50 millions
0%

Distribution des résultats

Percentile par nombre de réponses

% des personnes avec chaque résultat

Votre développement - résultats

Vous n’avez pas pris ce quiz